LEADER 02865nam 2200493 450 001 9910793690103321 005 20220530114150.0 010 $a3-96456-638-1 024 7 $a10.31819/9783964566386 035 $a(CKB)4100000008168168 035 $a(DE-B1597)516294 035 $a(OCoLC)760213984 035 $a(DE-B1597)9783964566386 035 $a(MiAaPQ)EBC6785989 035 $a(Au-PeEL)EBL6785989 035 $a(MiAaPQ)EBC6829958 035 $a(Au-PeEL)EBL6829958 035 $a(EXLCZ)994100000008168168 100 $a20220530d2010 uy 0 101 0 $aspa 135 $aur||#|||||||| 181 $ctxt$2rdacontent 182 $cc$2rdamedia 183 $acr$2rdacarrier 200 00$aTrans*Chile $ecultura-historia-itinerarios-literatura-educacio?n : un acercamiento transreal /$fOttmar Ette, Horst Nitschack (editores) 210 1$aMadrid ;$aFrankfurt am Main :$cIberoamericana :$cVervuert,$d[2010] 210 4$d©2010 215 $a1 online resource (208 p.) 300 $aIncludes index. 327 $tFront matter --$tÍndice --$tPresentación /$rEtte, Ottmar / Nitschack, Horst --$tLa literatura chilena fuera de lugar (1973-2008) /$rNitschack, Horst --$tDesde el otro lado del río Rhin. Viajeros chilenos en Alemania y representación de la identidad nacional (siglo XIX) /$rSanhueza, Carlos --$tExperiencia social y metáforas espaciales /$rAraujo, Kathya --$tAlgunas veces subir es bajar. Paradojas de los derechos culturales /$rMascareño, Aldo --$tDesafíos de futuro de la Educación Superior en Chile /$rFernández Darraz, Enrique --$tBreve panorama del microrrelato en Chile. Los narradores actuales /$rVails, Fernando --$tRetornos: El Último de Omar Saavedra Santis /$rHäseler, Jens --$tAbismos bajo el hielo. Experiencias desintegradoras en los cuentos de Francisco Coloane /$rHaase, Jenny --$tLa crisis de la experiencia en Putas asesinas de Roberto Bolaño /$rMontes, Cristian --$t«La epifanía de la locura»: hacia una poética de lo real en la narrativa de Roberto Bolaño /$rValdivia Orozco, Pablo --$tSergio González y Roberto Bolaño: un diálogo hipertextual /$rGras Miravet, Dunia --$tTodo el universo en una sola oración. Microrrelato y macrocosmos /$rEtte, Ottmar --$tSobre los autores 330 $aCultura, historia, itinerarios, literatura y educación son los ámbitos que se debaten, de forma transareal y transdisciplinaria, que aspira a acotar la situación de Chile en la actualidad. 517 3 $aTransChile 606 $aChilean literature$xHistory and criticism$vCongresses 615 0$aChilean literature$xHistory and criticism 676 $a860.9983 702 $aEtte$b Ottmar 702 $aNitschack$b Horst 801 0$bMiAaPQ 801 1$bMiAaPQ 801 2$bMiAaPQ 906 $aBOOK 912 $a9910793690103321 996 $aChile$9463885 997 $aUNINA LEADER 02979nam 22009015 450 001 9910141236303321 005 20240311150825.0 010 $a9786613290120 010 $a9781283290128 010 $a128329012X 010 $a9780230316423 010 $a0230316425 010 $a9780230297272 010 $a0230297277 024 7 $a10.1057/9780230297272 035 $a(CKB)2670000000114894 035 $a(EBL)785013 035 $a(OCoLC)756485032 035 $a(SSID)ssj0001656900 035 $a(PQKBManifestationID)16437732 035 $a(PQKBTitleCode)TC0001656900 035 $a(PQKBWorkID)14990173 035 $a(PQKB)10290442 035 $a(SSID)ssj0000550766 035 $a(PQKBManifestationID)12206347 035 $a(PQKBTitleCode)TC0000550766 035 $a(PQKBWorkID)10523915 035 $a(PQKB)10808423 035 $a(DE-He213)978-0-230-29727-2 035 $a(MiAaPQ)EBC785013 035 $a(PPN)227900774 035 $a(Perlego)3504873 035 $a(EXLCZ)992670000000114894 100 $a20151125d2010 u| 0 101 0 $aeng 135 $aur|n|---||||| 181 $ctxt 182 $cc 183 $acr 200 14$aThe 2009 Elections to the European Parliament /$fedited by J. Lodge 205 $a1st ed. 2010. 210 1$aLondon :$cPalgrave Macmillan UK :$cImprint: Palgrave Macmillan,$d2010. 215 $a1 online resource (349 p.) 225 1 $aEU Election Studies,$x2947-8634 300 $aDescription based upon print version of record. 311 08$a9781349311415 311 08$a1349311413 311 08$a9780230230408 311 08$a0230230407 320 $aIncludes bibliographical references and index. 327 $apt. 1. Introduction -- pt. 2. Country case reviews -- pt. 3. Conclusion. 330 $aAn analysis of the 2009 European elections in each of the 27 member states of the newly enlarged European Union, and assessment of the European Parliament in 2004-2009. This book looks at the implications of low turnout for the future of European Union democracy and accountability. 410 0$aEU Election Studies,$x2947-8634 606 $aEurope$xPolitics and government 606 $aPolitical sociology 606 $aPolitical science 606 $aElections 606 $aEuropean Politics 606 $aPolitical Sociology 606 $aPolitical Science 606 $aElectoral Politics 615 0$aEurope$xPolitics and government. 615 0$aPolitical sociology. 615 0$aPolitical science. 615 0$aElections. 615 14$aEuropean Politics. 615 24$aPolitical Sociology. 615 24$aPolitical Science. 615 24$aElectoral Politics. 676 $a324.94/0561 701 $aLodge$b Juliet$0143230 801 0$bMiAaPQ 801 1$bMiAaPQ 801 2$bMiAaPQ 906 $aBOOK 912 $a9910141236303321 996 $aThe 2009 elections to the European Parliament$94191426 997 $aUNINA